00689nam a2200205 a 450000100100000000500170001000800410002702000180006804000250008608200210011110000350013224501580016726000400032530000280036549000100039350400280040370000220043170000200045383000100047300004796220201002060830.0181005s2016 dr a r 000 0 spa d a9789945595857 aDO-SdBNPbspacBNPHU axxxxbP343e, 6to1 aPayán Velez, CarolinabV436e10aEducación artística 6 :bsexto grado, segundo ciclo, educación primaria /cCarolina Payán Velez, Verónica Veloz: colaboración Mariela Minaya. aSanto Domingo :bActualidad,c2016. a160 p. :bil. ;c28 cm.1 aVeraz aBibliografía : p. 1601 aVeloz, Verónica1 aMinaya, Mariela 0aVeraz